التجرية الزهدية بين أبي العتاهية وأبي إسحاق الألبيري : دراسة موازنة /
Saved in:
| 主要作者: | |
|---|---|
| 其他作者: | |
| 格式: | Thesis |
| 語言: | Arabic |
| 出版: |
Nablus :
Jami'at al-Najah al-Wataniyah,
2009
|
| 主題: | |
| 標簽: |
添加標簽
沒有標簽, 成為第一個標記此記錄!
|
| LEADER | 020080000a22003370004500 | ||
|---|---|---|---|
| 008 | 130605s2009 gz g 000 0 ara d | ||
| 040 | |a UIAM |b eng | ||
| 041 | |a ara | ||
| 050 | 0 | 0 | |a PJ7701.6.A45 |
| 100 | 1 | |a عبد الله، محمود لطفي نايف | |
| 242 | 1 | 3 | |a al-Tajribah al-zuhdiyah bayn Abi al-'Atahiyah wa Abi Ishaq al-Albiri : |b dirasah muwazanah |
| 245 | 1 | 2 | |a التجرية الزهدية بين أبي العتاهية وأبي إسحاق الألبيري : |b دراسة موازنة / |c إعداد، محمود لطفي نايف |
| 246 | |a Asceticism experience between Abi al-'Atahiyah and Abi Ishaq al-Albiri | ||
| 260 | |a Nablus : |b Jami'at al-Najah al-Wataniyah, |c 2009 | ||
| 300 | |a ix, 213 leaves ; |c 30 cm. | ||
| 500 | |a "قدمت هذه الأطروحة إستكمالا لمتطلبت الحصول على درجة الماجستير في اللغة العربية وآدابها بكلية الدراسات العليا في جامعة النجاح الوطنية، نابلس، فلسطين" -- On t.p | ||
| 500 | |a Abstract in English and Arabic. | ||
| 502 | |a Thesis (M.A.)--Jami'at al-Najah al-Wataniyah, 2009. | ||
| 504 | |a Includes bibliographical references (leaves 193-202) and index. | ||
| 596 | |a 1 | ||
| 600 | 1 | |a Abu al-'Atahiyah, Isma'il ibn al-Qasim, |d 747 or 8-826? |x Criticism and interpretation | |
| 600 | 1 | |a Abu Ishaq al-Ilbiri, Ibrahim ibn Mas'ud, |d -approximately 1067 |x Criticism and interpretation | |
| 650 | 0 | |a Asceticism in literature | |
| 650 | 0 | |a Asceticism |v Poetry | |
| 655 | |a Theses, Facsimile edition (Islamic) | ||
| 700 | 1 | |a Abdallah, Mahmoud L. | |
| 710 | 2 | |a Jami'at al-Najah al-Wataniyah. |b Kulliyat al-Dirasat al-'Ulya | |
| 710 | 2 | |a جامعة النجاح الوطنية. |b كلية الدراسات العليا | |
| 900 | |a arf-sar | ||
| 999 | |c 435063 |d 464711 | ||
| 952 | |0 0 |6 TI PJ 007701.6 A45 Z512 2009 |7 0 |8 THESES |9 757322 |a IIUM |b IIUM |c MULTIMEDIA |g 359.00 |o ti PJ 7701.6 A45 Z512 2009 |p 00011271046 |r 2017-10-23 |t 1 |v 359.00 |y THESIS | ||
